The South Asia to Gulf Migration Governance Complex (Record no. 184789)

MARC details
000 -LEADER
fixed length control field 00396nmm a2200121Ia 4500
245 #4 - TITLE STATEMENT
Title The South Asia to Gulf Migration Governance Complex
260 ## - PUBLICATION, DISTRIBUTION, ETC. (IMPRINT)
Place of publication Bristol University Press
Year of publication 2022
650 ## - SUBJECT ADDED ENTRY--TOPICAL TERM
Topical Term Law ; Criminology & Criminal Justice
856 ## - ELECTRONIC LOCATION AND ACCESS
Uniform Resource Identifier https://www.jstor.org/stable/10.2307/j.ctv2mgg2p4
942 ## - ADDED ENTRY ELEMENTS (KOHA)
Koha item type
Holdings
Withdrawn status Lost status Damaged status Not for loan Permanent Location Current Location Date acquired Price effective from Koha item type
        Library and Documentation Division NCERT Library and Documentation Division NCERT 11/19/2024 11/19/2024